|
|
|
|
| LEADER |
00000nam0a2200000 4500 |
| 001 |
47941 |
| 005 |
20231031030748.0 |
| 035 |
|
|
|a (RuTPU)RU\TPU\book\50131
|
| 090 |
|
|
|a 47941
|
| 100 |
|
|
|a 20030227d1968 m y0rusy50 ca
|
| 101 |
0 |
|
|a rus
|
| 102 |
|
|
|a BY
|
| 105 |
|
|
|a a j 001zy
|
| 200 |
1 |
|
|a Теория автоматического регулирования
|e учебное пособие
|f В. Л. Анхимюк
|
| 205 |
|
|
|a 2-е изд., перераб. и доп.
|
| 210 |
|
|
|a Минск
|c Вышэйшая школа
|d 1968
|
| 215 |
|
|
|a 322 с.
|c ил.
|
| 320 |
|
|
|a Библиогр.: с. 322.
|
| 610 |
1 |
|
|a автоматика
|
| 610 |
1 |
|
|a автоматическое регулирование
|
| 610 |
1 |
|
|a системы
|
| 610 |
1 |
|
|a устойчивость
|
| 610 |
1 |
|
|a исследование
|
| 610 |
1 |
|
|a импульсные системы
|
| 610 |
1 |
|
|a учебные пособия
|
| 675 |
|
|
|a 621.01-53(075.8)
|v 3
|
| 700 |
|
1 |
|a Анхимюк
|b В. Л.
|g Вячеслав Леонтьевич
|
| 801 |
|
1 |
|a RU
|b 63413507
|c 20030227
|g PSBO
|
| 801 |
|
2 |
|a RU
|b 63413507
|c 20211217
|g PSBO
|
| 942 |
|
|
|c BK
|